[Event "Mumbai Wealth rating op 4th"]
[Site "Mumbai"]
[Date "2019.01.05"]
[Round "7"]
[White "Sunil, Vaidya"]
[Black "Tanuj, Dayal"]
[Result "1-0"]
[WhiteElo "1663"]
[BlackElo "1803"]
[PlyCount "81"]
[EventDate "2018.12.30"]
[EventType "swiss"]
[EventRounds "9"]
[EventCountry "IND"]
[SourceTitle "CBM 188 Extra"]
[Source "ChessBase"]
[SourceDate "2019.02.26"]
[SourceVersion "1"]
[SourceVersionDate "2019.02.26"]
[SourceQuality "1"]

1. d4 e6 2. Bf4 Nf6 3. e3 c5 4. Nd2 d5 5. dxc5 Bxc5 6. Nb3 Be7 7. Nf3 0-0 8. Bd3 Nc6 9. 0-0 h6 10. c4 Bd6 11. c5 Bxf4 12. exf4 Qc7 13. g3 Nb4 14. a3 Nxd3 15. Qxd3 Bd7 16. Rac1 Rac8 17. Ne5 a6 18. Nd4 Ne4 19. b4 Ba4 20. Ng4 Qe7 21. f3 Nf6 22. Rfe1 Nxg4 23. fxg4 Qf6 24. Re5 Rc7 25. Rce1 Re8 26. g5 hxg5 27. fxg5 Qd8 28. Qe3 Rce7 29. Qf4 g6 30. h4 Bd7 31. Kg2 Kh7 32. h5 Rh8 33. hxg6+ Kg8 34. Qf6 fxg6 35. Nxe6 Qe8 36. Nf4 Rxe5 37. Rxe5 Qf7 38. Re7 Qxf6 39. gxf6 Bf5 40. Re8+ Kh7 41. f7 1-0